| 000 | 00689nam a2200229Ia 4500 | ||
|---|---|---|---|
| 008 | 180523s9999 xx 000 0 und d | ||
| 020 | _a9812-53-118-1 | ||
| 050 | _aMAIN HF 5679 | ||
| 050 | _b.M67 2003 c.3 | ||
| 100 | _aMoscove, Stephen A. | ||
| 245 | 0 | _aCore concepts of accounting information systems / | |
| 245 | 0 | _cStephen A. Moscove, Mark G. Simkin, Nancy A. Bagranoff. | |
| 250 | _a8th Edition | ||
| 260 | _aAustralia : | ||
| 260 | _bJohn Wiley & Sons, | ||
| 260 | _c2003 | ||
| 300 | _a508 pages : | ||
| 300 | _c25 cm. | ||
| 500 | _aIncludes index. | ||
| 650 | _aAccounting -- Data processing. | ||
| 650 | _xInformation storage and retrieval systems -- Accounting. | ||
| 999 |
_c357207 _d357207 |
||